Krmovinársky výskum na Slovensku v priebehu 70 rokov jednou z hlavných úloh VÚTPHP ja zintenzívnenie ...

Podrobná bibliografia
Hlavní autori: Dubravská, Jarmila (Autor), Michalec, Milan (Autor)
Médium: Článok
Jazyk:slovenčina
ISSN:1335-1990
Predmet:

MARC

LEADER 00000nab a2200000 a 4500
001 vtls008963479
003 SK-MaSNL
005 20260426084545.0
008 250505c2007 xo |||||||||||000 b|slo
015 |a SNBRB2007/04  |2 snkbucl 
035 |a urn:nbn:sk:snk-ab87al 
035 |a (urnnbn)urn:nbn:sk:snk:ar-006p2c 
035 |a (uuid)86780357-b1c4-4452-b3f1-18bf8991fafb 
038 |a SNKBUCL 
040 |a SNKBUCL  |b slo  |c SNKBUCL  |e AACR2 
041 0 |a slo 
044 |a xo  |c SK 
080 |a 633.2/.3:001.891  |x (437.6)  |2 1997 
080 |a 633.2/.3:061.62  |x (437.6)  |2 1997 
100 1 |a Dubravská, Jarmila  |4 aut  |9 266472 
245 1 0 |a Krmovinársky výskum na Slovensku v priebehu 70 rokov  |b jednou z hlavných úloh VÚTPHP ja zintenzívnenie ...  |c Jarmila Dúbravská, Milan Michalec 
610 2 7 |a Slovenské centrum poľnohospodárskeho výskumu (Nitra, Slovensko)  |b Výskumný ústav trávnych porastov a horského poľnohospodárstva (Banská Bystrica, Slovensko)  |2 snkbucl  |9 1469617 
650 0 7 |a výskum  |2 snkbucl  |9 4238 
650 0 7 |a krmovinárstvo  |2 snkbucl  |9 15091 
651 7 |a Slovensko  |2 snkbucl  |9 14231 
700 1 |a Michalec, Milan  |4 aut  |9 6907 
773 0 |t Slovenský chov  |g Roč. XII, č. 1 (2007), s. 51  |x 1335-1990 
850 |a Slovenská národná knižnica 
852 |a Slovenská národná knižnica 
954 |a odborná, vedecká literatúra pôvodná (slovenská)  |2 lita 
958 |a article9 
958 |a OND 
958 |a SK 
958 |a EUIPO 
999 |c 2937689  |d 2939619